Calculus with applications: (Record no. 180330)
[ view plain ]
| 000 -LEADER | |
|---|---|
| fixed length control field | 00873 a2200193 4500 |
| 003 - CONTROL NUMBER IDENTIFIER | |
| control field | NUST |
| 005 - DATE AND TIME OF LATEST TRANSACTION | |
| control field | 20230707092244.0 |
| 010 ## - LIBRARY OF CONGRESS CONTROL NUMBER | |
| LC control number | 7479485 |
| 040 ## - CATALOGING SOURCE | |
| Transcribing agency | Nust |
| 082 ## - DEWEY DECIMAL CLASSIFICATION NUMBER | |
| Classification number | 515,HAR |
| 100 ## - MAIN ENTRY--PERSONAL NAME | |
| Personal name | Hart, William L. |
| 9 (RLIN) | 113437 |
| 245 ## - TITLE STATEMENT | |
| Title | Calculus with applications: |
| Remainder of title | A Brif Course / |
| Statement of responsibility, etc. | William L Hart |
| 260 ## - PUBLICATION, DISTRIBUTION, ETC. | |
| Place of publication, distribution, etc. | New York |
| Name of publisher, distributor, etc. | Laidlaw Brother |
| Date of publication, distribution, etc. | 1973 |
| 300 ## - PHYSICAL DESCRIPTION | |
| Extent | xii,327p.; |
| 505 ## - FORMATTED CONTENTS NOTE | |
| Formatted contents note | Certain precalculus(Page-1), Calculus with applications (Page-53) Differentiation of exponential and logarithmic functions (Page-145), <br/> Introduction to solid analytic geometry (Page-215), Partial differentiation and applications (Page-229), Applications of integration (Page-261), Improper integrals,and probability for a continuous random variable (Page-305). |
| 600 ## - SUBJECT ADDED ENTRY--PERSONAL NAME | |
| Personal name | William L. Hart. |
| 9 (RLIN) | 113438 |
| 650 ## - SUBJECT ADDED ENTRY--TOPICAL TERM | |
| Topical term or geographic name entry element | Calculus with applications |
| 9 (RLIN) | 113439 |
| 942 ## - ADDED ENTRY ELEMENTS (KOHA) | |
| Source of classification or shelving scheme | |
| Koha item type | Book |
| Call number prefix | 515,HAR |
| Withdrawn status | Lost status | Source of classification or shelving scheme | Damaged status | Not for loan | Permanent Location | Current Location | Shelving location | Date acquired | Full call number | Barcode | Date last seen | Price effective from | Koha item type | Public note |
|---|---|---|---|---|---|---|---|---|---|---|---|---|---|---|
| Military College of Signals (MCS) | Military College of Signals (MCS) | General Stacks | 12/12/2016 | 515,HAR | MCS7271 | 12/08/2016 | 12/12/2016 | Book | Almirah No.82, Shelf No.3 | |||||
| Military College of Signals (MCS) | Military College of Signals (MCS) | General Stacks | 12/12/2016 | 515,HAR | MCS7449 | 12/08/2016 | 12/12/2016 | Book | Almirah No.82, Shelf No.3 | |||||
| Military College of Signals (MCS) | Military College of Signals (MCS) | General Stacks | 12/12/2016 | 515,HAR | MCS7450 | 12/08/2016 | 12/12/2016 | Book | Almirah No.82, Shelf No.3 |
